000 nam a22 7a 4500
999 _c3427
_d3427
005 20170523082705.0
008 170523b1991 enk||||| |||| 00| 0 eng d
020 _a0415044634
040 _aAKMAL
082 _a658.406 CAR
090 _a658.406
_bCAR
100 1 _aCarnall, C. A.
_96905
245 1 0 _aManaging change /
_cColin Carnall
260 _a London :
_b Routledge,
_c1991
300 _a101 p. ;
_c21 cm
504 _a Includes bibliographical references (p. 100-101).
650 0 _aOrganizational change
_9567
942 _2ddc
_cBOOK